000 00288nam a22001337a 4500
008 170815b xxu||||| |||| 00| 0 eng d
020 _a070457905
041 _aeng
080 _a311
100 _a36
101 _aSTA
245 _aUNDERSTANDING STATISTICS
_cNAIMAN,A
942 _2udc
_cBK
999 _c23483
_d23483